000 00457nam a2200157 i 4500
001 25897
003 ES-MaACL
005 20230906153341.0
007 t|
008 030103s1969 sp ||||1| spa d
100 1 _aArnáiz Vellando, Gonzalo.
_923024
245 1 0 _aIntroducción a la estadística teórica /
_cGonzalo Arnáiz Vellando.
260 _a[Valladolid :
_bEd. Lex Nova,
_c1969]
300 _a1 v. ;
_c25 cm.
852 _aES-MaACL
_jP-1556
_bR.79212
999 _c25897
_d25897